Rosaura; siete cuentos /

Guardado en:
Autor Principal: Güiraldes, Ricardo
Formato: Libro
Publicado: Argentina : Losada, 1952
Series:Bibl. Contempor nea
Materias:
Etiquetas: Agregar Etiqueta
Sin Etiquetas, Sea el primero en etiquetar este registro!
LEADER 00741nam a22002175a 4500
001 CEM.cems003107
005 19000101000000.0
008 130507s1952##################000#0#####d
003 CEMS
082 0 4 |a A863.4 
100 1 |a Güiraldes, Ricardo 
245 1 0 |a Rosaura; siete cuentos /  |c Ricardo Güiraldes 
260 |a Argentina :  |b Losada,  |c 1952 
300 |a 115 p. 
490 0 |a Bibl. Contempor nea 
505 0 |a Rosaura.- Di logos y palabras.- Esta noche, nochebuena....- Politiquer¡a.- Telesforo Altamira.- Colegio.- Cuento al caso.- Fabi n Tolosa.- 
653 |a Literatura 
653 |a Literatura argentina 
653 |a Novela argentina-siglo 20 
653 |a Novelas 
859 |a CEMS  |b BIB. CEMS - 11 de abril  |h A863.4  |i G948-3  |p 14482.75  |t Ej.1